Pagans and Christians / (Record no. 5296)

MARC details
000 -LEADER
fixed length control field 01119cam a2200373 a 4500
001 - CONTROL NUMBER
control field 786131787
003 - CONTROL NUMBER IDENTIFIER
control field OSt
005 - DATE AND TIME OF LATEST TRANSACTION
control field 20190102181756.0
008 - FIXED-LENGTH DATA ELEMENTS--GENERAL INFORMATION
fixed length control field 871013r19881987cau b 001 0 eng
010 ## - LIBRARY OF CONGRESS CONTROL NUMBER
LC control number 87045701
020 ## - INTERNATIONAL STANDARD BOOK NUMBER
International Standard Book Number 0060628529 (pbk.) :
Terms of availability $16.95
035 ## - SYSTEM CONTROL NUMBER
System control number tcgc310364
035 01 - SYSTEM CONTROL NUMBER
System control number 14805
035 01 - SYSTEM CONTROL NUMBER
System control number 0-06-062852-9
035 ## - SYSTEM CONTROL NUMBER
System control number tcgc310364
035 ## - SYSTEM CONTROL NUMBER
System control number (OCoLC)786131787
040 ## - CATALOGING SOURCE
Original cataloging agency DLC
Transcribing agency DLC
Modifying agency OXB
043 ## - GEOGRAPHIC AREA CODE
Geographic area code e------
-- ff-----
-- aw-----
050 0# - LIBRARY OF CONGRESS CALL NUMBER
Classification number BR128.R7
Item number L36 1988
082 00 - DEWEY DECIMAL CLASSIFICATION NUMBER
Classification number 270.1
Edition number 19
Item number F791P
100 1# - MAIN ENTRY--PERSONAL NAME
Personal name Lane Fox, Robin,
Dates associated with a name 1946-
245 10 - TITLE STATEMENT
Title Pagans and Christians /
Statement of responsibility, etc. Robin Lane Fox.
260 ## - PUBLICATION, DISTRIBUTION, ETC.
Place of publication, distribution, etc. San Francisco :
Name of publisher, distributor, etc. Harper & Row,
Date of publication, distribution, etc. 1988.
300 ## - PHYSICAL DESCRIPTION
Extent 799 p. ;
Dimensions 24 cm.
500 ## - GENERAL NOTE
General note Reprint. Originally published: New York : Knopf, 1987.
500 ## - GENERAL NOTE
General note Includes index.
500 ## - GENERAL NOTE
General note Includes bibliographical notes and index.
504 ## - BIBLIOGRAPHY, ETC. NOTE
Bibliography, etc. note Bibliography: p. 782-786.
650 #0 - SUBJECT ADDED ENTRY--TOPICAL TERM
Topical term or geographic name entry element Christianity and other religions
General subdivision Roman.
650 #0 - SUBJECT ADDED ENTRY--TOPICAL TERM
Topical term or geographic name entry element Church history
Chronological subdivision Primitive and early church, ca. 30-600.
650 #0 - SUBJECT ADDED ENTRY--TOPICAL TERM
Topical term or geographic name entry element Paganism.
651 #0 - SUBJECT ADDED ENTRY--GEOGRAPHIC NAME
Geographic name Rome
General subdivision Religion.
942 ## - ADDED ENTRY ELEMENTS (KOHA)
Source of classification or shelving scheme Dewey Decimal Classification
Koha item type Books
Holdings
Withdrawn status Lost status Source of classification or shelving scheme Damaged status Not for loan Collection code Home library Current library Shelving location Date acquired Cost, normal purchase price Total Checkouts Full call number Barcode Date last seen Price effective from Koha item type
    Dewey Decimal Classification     Non-fiction Harvest Mission College Harvest Mission College General Stacks 02.01.2019 1020.00   270.1 F791P 006035 02.01.2019 02.01.2019 Books

OPAC Designed and Maintained by HMC Library Team.
Copyright © HMC Library,Greater Noida, UP.
For any Suggestions/Query Contact library via Email:libhmc@gmail.com